THE WELLS SENSE (Record no. 193661)

MARC details
000 -LEADER
fixed length control field 00373nam a22001457a 4500
008 - FIXED-LENGTH DATA ELEMENTS--GENERAL INFORMATION
fixed length control field 221107b ||||| |||| 00| 0 eng d
082 ## - DEWEY DECIMAL CLASSIFICATION NUMBER
Classification number 615-SWA
100 ## - MAIN ENTRY--PERSONAL NAME
Personal name OM, SWAMI
245 ## - TITLE STATEMENT
Title THE WELLS SENSE
Medium ENGLISH
260 ## - PUBLICATION, DISTRIBUTION, ETC. (IMPRINT)
Place of publication, distribution, etc NEW DELHI
Name of publisher, distributor, etc ROHINI
Date of publication, distribution, etc A.I.C.B
270 ## - ADDRESS
Address A.I.C.B ,ROHINI NEW DELHI
300 ## - PHYSICAL DESCRIPTION
Extent .
Other physical details .
Dimensions 12X13
490 ## - SERIES STATEMENT
Volume number/sequential designation 1-3
942 ## - ADDED ENTRY ELEMENTS (KOHA)
Source of classification or shelving scheme Dewey Decimal Classification
Item type Braille-Books-English
Call number prefix 615
Call number suffix SWA
Holdings
Withdrawn status Lost status Not for loan Home library Current library Date acquired Source of acquisition Cost, normal purchase price Full call number Barcode Koha item type
      Braille-Library Braille-Library 07/11/2022 Braille library 10.00 615-SWA BR-003803 Braille-Books-English
      Braille-Library Braille-Library 07/11/2022 Braille library 10.00 615-SWA BR-003804 Braille-Books-English
      Braille-Library Braille-Library 07/11/2022 Braille library 10.00 615-SWA BR-003805 Braille-Books-English

© Delhi Public Library
Hit Counter
free hit counter